000
00307nam a2200109Ia 4500
008
201231s9999 xx 000 0 und d
100
_a
Chang,Richard Y.
245
0
_a
Continuous improvement tools: A practical guide to achieve quality results
260
_a
London
_b
Kogan Page
490
_v
Vol. 2
942
_c
BK
999
_c
9300
_d
9300